| 000 | 00650nam a2200241 a 4500 | ||
|---|---|---|---|
| 001 | BRL_1373 | ||
| 005 | 20190320211154.0 | ||
| 008 | 090114s1977----nyuaob####---#000-0#eng-# | ||
| 020 | _a0671228862 | ||
| 041 | _aeng | ||
| 044 | _anyu | ||
| 050 | 4 |
_aT770 _b.G67 1977 |
|
| 100 | 1 |
_aGostelow, Mary _926677 |
|
| 245 | 1 | 0 |
_aThe complete international book of embroidery _cMary Gostelow. |
| 260 |
_aNew York _bSimon and Schuter _c1977 |
||
| 300 |
_a288 p. _bil., fotografías, mapas _c30 cm. |
||
| 500 | _aAu1612 | ||
| 500 | _aIncluye índice | ||
| 504 | _aBibliografía: p. 277-279 | ||
| 650 | 1 | 4 |
_aBordado _94753 |
| 902 | _aGRL | ||
| 942 |
_2lcc _cB |
||
| 999 |
_c10184 _d10184 |
||